000 01204cam a2200325 a 4500
001 1615756
003 Nust
005 20220829145253.0
008 950524s1995 nyuab 000 1 eng
010 _a 95022834
020 _a1853260843 (pbk.)
040 _aDLC
_cDLC
_dDLC
043 _an-us-va
_an-us---
050 0 0 _aPS1449.C85
_bR3 1995
082 0 0 _a823
_bCRA
100 1 _aCrane, Stephen,
_d1871-1900.
_912120
245 1 4 _aThe red badge of courage.
246 1 _iAt head of title:
_aStephen Crane's novel of the Civil War
250 _aAn historically annotated ed. /
_bby Charles J. LaRocca, 1st ed.
260 _aFleischmanns, N.Y. :
_bPurple Mountain Press,
_c1995.
300 _axxviii, 156 p. :
_bill., maps ;
_c23 cm.
650 0 _aChancellorsville, Battle of, Chancellorsville, Va., 1863
_vFiction.
_912128
651 0 _aVirginia
_xHistory
_yCivil War, 1861-1865
_vFiction.
_912129
655 7 _aHistorical fiction.
_2gsafd
655 7 _aWar stories.
_2gsafd
700 1 _aLaRocca, Charles J.,
_d1946-
_998594
906 _a7
_bcbc
_corignew
_d1
_eocip
_f19
_gy-gencatlg
942 _2ddc
_cBK
999 _c173308
_d173308